000 00540cam a22002053a 4500
001 43874
003 PGUSA
005 20140828084011.0
008 131003s2013||||xxu|||||s|||||000 | eng d
040 _aPGUSA
_beng
042 _adc
245 1 0 _aChats on Angling
_h[electronic resource]
260 _bProject Gutenberg,
_c2013
506 _aPublic domain in the USA.
516 _aElectronic text
700 1 _aHart-Davis, H. V.
830 0 _aProject Gutenberg
_v43874
856 4 0 _uhttp://www.gutenberg.org/ebooks/43874
942 _cEB
999 _c273125
_d273125